ARRUPE JESUIT UNIVERSITY

CORONAVIRUS -STOP THE SPREAD - CLEAN,DISINFECT,COVER

The Christian theological tradition / (Record no. 120438)

MARC details
000 -LEADER
fixed length control field 01259cam a22003254a 4500
001 - CONTROL NUMBER
control field 12758029
003 - CONTROL NUMBER IDENTIFIER
control field ARRUPE
005 - DATE AND TIME OF LATEST TRANSACTION
control field 20140423180147.0
008 - FIXED-LENGTH DATA ELEMENTS--GENERAL INFORMATION
fixed length control field 020427s2003 njuabf b 001 0 eng
010 ## - LIBRARY OF CONGRESS CONTROL NUMBER
LC control number 2002070943
020 ## - INTERNATIONAL STANDARD BOOK NUMBER
International Standard Book Number 0130991678 (pbk.)
040 ## - CATALOGING SOURCE
Original cataloging agency DLC
Transcribing agency DLC
Modifying agency DLC
042 ## - AUTHENTICATION CODE
Authentication code pcc
050 00 - LIBRARY OF CONGRESS CALL NUMBER
Classification number BX1751.3
Item number .C48 2003
082 00 - DEWEY DECIMAL CLASSIFICATION NUMBER
Classification number 230/.2
Edition number 21
300 ## - PHYSICAL DESCRIPTION
Other physical details ill. (some col.), maps ;
Dimensions 24 cm.
100 ## - MAIN ENTRY--PERSONAL NAME
Personal name Cory, Catherine A.
9 (RLIN) 9971
245 04 - TITLE STATEMENT
Title The Christian theological tradition /
Statement of responsibility, etc general editors, Catherine A. Cory, David T. Landry ; contributors: Catherine A. Cory ... [et al.].
250 ## - EDITION STATEMENT
Edition statement 2nd ed.
260 ## - PUBLICATION, DISTRIBUTION, ETC. (IMPRINT)
Place of publication, distribution, etc Upper Saddle River, N.J. :
Name of publisher, distributor, etc Prentice Hall,
Date of publication, distribution, etc c2003.
300 ## - PHYSICAL DESCRIPTION
Extent xi, 436 p., [8] p. of plates :
504 ## - BIBLIOGRAPHY, ETC. NOTE
Bibliography, etc Includes bibliographical references and index.
610 20 - SUBJECT ADDED ENTRY--CORPORATE NAME
Corporate name or jurisdiction name as entry element Catholic Church
General subdivision Doctrines
-- History.
9 (RLIN) 9972
650 #0 - SUBJECT ADDED ENTRY--TOPICAL TERM
Topical term or geographic name as entry element Theology, Doctrinal
General subdivision History.
9 (RLIN) 9973
650 #0 - SUBJECT ADDED ENTRY--TOPICAL TERM
Topical term or geographic name as entry element Christian education
Form subdivision Textbooks for young adults
General subdivision Catholic.
9 (RLIN) 9974
700 1# - ADDED ENTRY--PERSONAL NAME
Personal name Cory, Catherine A.
9 (RLIN) 9975
700 1# - ADDED ENTRY--PERSONAL NAME
Personal name Landry, David T.
9 (RLIN) 9976
906 ## - LOCAL DATA ELEMENT F, LDF (RLIN)
a 7
b cbc
c orignew
d 1
e ocip
f 20
g y-gencatlg
942 ## - ADDED ENTRY ELEMENTS (KOHA)
Source of classification or shelving scheme Library of Congress Classification
Koha item type Monograph ( Printed materials)
Holdings
Withdrawn status Lost status Source of classification or shelving scheme Damaged status Not for loan Collection code Home library Current library Shelving location Date acquired Total Checkouts Full call number Barcode Date last seen Price effective from Koha item type
    Library of Congress Classification     Main Collection ARRUPE LIBRARY ARRUPE LIBRARY Main Collection 23/04/2014   BX1751.3 .C48 2003 46500001608 22/11/2017 23/04/2014 Monograph ( Printed materials)

 

Arrupe Library. PO Box MP320 Mt Pleasant, Harare, Zimbabwe
263 242 745411|librarian@aju.ac.zw